00318nam a2200109 a 450000500170000000800410001702000180005805000180007610000240009424500520011826000380017020140412111414.0070703s19uu xx 00 eng d a0-02-774900-2 aERbP564 1974 aPomerantz, Charlote aThe piggy in the puddle /cCharlotte Pomerantz. aNew York :bMacmillan Pub,c1974.